| 000 | 00824nam a2200265 i 4500 | ||
|---|---|---|---|
| 003 | DO-SdBNP | ||
| 005 | 20240305073656.0 | ||
| 007 | ta | ||
| 008 | 110413s2015 dr a b 6 000 0 spa d | ||
| 020 | _a9789945900866 | ||
| 040 |
_aDO-SdBNP _bspa _cBNPHU _erda |
||
| 082 |
_axxx _bC387s _222 |
||
| 100 |
_aCeballos, Rosa Aura _976002 |
||
| 245 | 1 | 0 |
_aSe han perdido mis hijas / _cRosa A. Ceballos ; ilustración Eddaviel |
| 264 |
_aSanto Domingo : _bCentro Cultural Poveda, _c2015. |
||
| 300 |
_a[14] páginas _bIlustraciones _c21 cm. |
||
| 336 |
_2rdacontent _atexto _btxt |
||
| 337 |
_2rdamedia _asin mediación _bn |
||
| 338 |
_2rdacarrier _avolumen _bnc |
||
| 521 | _aInfantil | ||
| 590 | _aInventariado, 2023/ YL | ||
| 700 | 1 |
_aSilié, Rubén, _d1946- _eIlustraciones _91421 |
|
| 910 | _aYLockward | ||
| 942 |
_2ddc _cLF2 |
||
| 999 |
_c54311 _d54311 |
||